| 000 -LEADER |
| fixed length control field |
01112nam a22002057a 4500 |
| 001 - CONTROL NUMBER |
| control field |
4162 |
| 003 - CONTROL NUMBER IDENTIFIER |
| control field |
BD-DhUAP |
| 005 - DATE AND TIME OF LATEST TRANSACTION |
| control field |
20210128094135.0 |
| 008 - FIXED-LENGTH DATA ELEMENTS--GENERAL INFORMATION |
| fixed length control field |
200219s2001 bg ||||| |||| 00| 0 ben d |
| 020 ## - INTERNATIONAL STANDARD BOOK NUMBER |
| International Standard Book Number |
98480900503 |
| 040 ## - CATALOGING SOURCE |
| Original cataloging agency |
BD-DhUAP |
| Language of cataloging |
Ben |
| Transcribing agency |
BD-DhUAP |
| Modifying agency |
BD-DhUAP |
| 082 ## - DEWEY DECIMAL CLASSIFICATION NUMBER |
| Edition number |
23 |
| Classification number |
378.1095492 BAN |
| 245 ## - TITLE STATEMENT |
| Title |
বাংলাদেশ বিশ্ববিদ্যালয় মঞ্জুরি কমিশন : |
| Remainder of title |
প্রতিষ্ঠা বার্ষিকী সেমিনার ২০০১ / |
| Statement of responsibility, etc. |
খ ম আব্দুল আউয়াল কর্তৃক সংকলিত ও সম্পাদিত। |
| 260 ## - PUBLICATION, DISTRIBUTION, ETC. |
| Place of publication, distribution, etc. |
ঢাকা : |
| Name of publisher, distributor, etc. |
বাংলাদেশ বিশ্ববিদ্যালয় মঞ্জুরি কমিশন, |
| Date of publication, distribution, etc. |
২০০১। |
| 300 ## - PHYSICAL DESCRIPTION |
| Extent |
২০৮ পৃষ্ঠা ; |
| Dimensions |
২৫ সেমি.। |
| 650 ## - SUBJECT ADDED ENTRY--TOPICAL TERM |
| Topical term or geographic name entry element |
Higher Education |
| Geographic subdivision |
Bangladesh. |
| 700 ## - ADDED ENTRY--PERSONAL NAME |
| Personal name |
আউয়াল, খ ম আব্দুল। |
| 710 ## - ADDED ENTRY--CORPORATE NAME |
| Corporate name or jurisdiction name as entry element |
বাংলাদেশ বিশ্ববিদ্যালয় মঞ্জুরি কমিশন। |
| 942 ## - ADDED ENTRY ELEMENTS (KOHA) |
| Source of classification or shelving scheme |
|
| Koha item type |
Book |